| 000 | 01005nam a22002295a 4500 | ||
|---|---|---|---|
| 003 | OSt | ||
| 005 | 20170216140653.0 | ||
| 008 | 170215s2009 ua frb 000 0 eng d | ||
| 015 | _a1994 / 2825 | ||
| 020 | _a9789770411396 | ||
| 040 |
_aEG-ScBUE _bara _cEG-ScBUE |
||
| 082 | 0 | 4 |
_a341 _bف ا ر _222 |
| 100 | 1 | _aفار، عبد الواحد محمد. | |
| 245 | 1 | 2 |
_aالقانون الدولي العام : _bالمبادئ والنظريات العامة - النظام القانوني لعناصر البيئة الدولية - مظاهر العلاقات القانونية الدولية - أحكام المنازعات المسلحة / _cعبد الواحد محمد الفار. |
| 250 | _aط. 1. | ||
| 260 |
_aالقاهرة : _bدار النهضة العربية، _c2009. |
||
| 300 |
_a520 ص. ؛ _c24 سم. |
||
| 504 | _aيشتمل على إرجاعات ببليوجرافية. | ||
| 650 | 7 |
_a القانون الدولي العام. _2BUEsh |
|
| 653 |
_bLLAAWW _cFebruary2017 |
||
| 942 | _2ddc | ||
| 999 |
_c24179 _d24151 |
||